[Event "Silkway Cup"]
[Site "T#646345FIDE"]
[Date "2020.05.28"]
[Round "12"]
[White "MammadyarovaZ"]
[Black "KTsa"]
[Result "0-1"]
[WhiteElo "1977"]
[BlackElo "1721"]
[Annotator "NA"]
[PlyCount "94"]
[EventDate "2020.05.28"]
[EventType "swiss (blitz)"]

1. d4 {[%emt 0:00:06]} Nf6 {[%emt 0:00:02]} 2. Nf3 {[%emt 0:00:02]} e6 {[%emt 0:00:02]} 3. e3 {[%emt 0:00:01]} c5 {[%emt 0:00:04]} 4. Bd3 {[%emt 0:00:02]} b6 {[%emt 0:00:01]} 5. O-O {[%emt 0:00:01]} Bb7 {[%emt 0:00:01]} 6. b3 {[%emt 0:00:01]} cxd4 {[%emt 0:00:04]} 7. exd4 {[%emt 0:00:02]} d5 {[%emt 0:00:01]} 8. Bb2 {[%emt 0:00:03]} Bd6 {[%emt 0:00:02]} 9. Ne5 {[%emt 0:00:05]} O-O {[%emt 0:00:15]} 10. Nd2 {[%emt 0:00:03]} Nbd7 {[%emt 0:00:02]} 11. f4 {[%emt 0:00:02]} Qe7 {[%emt 0:00:03]} 12. a3 {[%emt 0:00:08]} Ne4 {[%emt 0:00:03]} 13. Qe2 {[%emt 0:00:24]} f5 {[%emt 0:00:04]} 14. Ndf3 {[%emt 0:00:03]} Ndf6 {[%emt 0:00:16]} 15. c4 {[%emt 0:00:05]} Rac8 {[%emt 0:00:08]} 16. Rfc1 {[%emt 0:00:20]} a5 {[%emt 0:00:08]} 17. Rc2 {[%emt 0:00:06]} Nd7 {[%emt 0:00:21]} 18. a4 {[%emt 0:00:14]} Nxe5 {[%emt 0:00:13]} 19. fxe5 {[%emt 0:00:08]} Bb4 {[%emt 0:00:08]} 20. Rac1 {[%emt 0:00:07]} Rc7 {[%emt 0:00:10]} 21. cxd5 {[%emt 0:00:06]} Rxc2 {[%emt 0:00:02]} 22. Qxc2 {[%emt 0:00:06]} Bxd5 {[%emt 0:00:03]} 23. Bc4 {[%emt 0:00:09]} Rc8 {[%emt 0:00:15]} 24. Qd1 {[%emt 0:00:07]} Bb7 {[%emt 0:00:34]} 25. d5 {[%emt 0:00:06]} Bc5+ {[%emt 0:00:03]} 26. Kf1 {[%emt 0:00:02]} exd5 {[%emt 0:00:09]} 27. Bxd5+ {[%emt 0:00:02]} Kh8 {[%emt 0:00:01]} 28. Bxb7 {[%emt 0:00:17]} Qxb7 {[%emt 0:00:00]} 29. e6 {[%emt 0:00:05]} Qe7 {[%emt 0:00:18]} 30. Qd7 {[%emt 0:00:25]} Rc7 {[%emt 0:00:08]} 31. Qd5 {[%emt 0:00:10]} Nf6 {[%emt 0:00:13]} 32. Qa8+ {[%emt 0:00:03]} Qe8 {[%emt 0:00:04]} 33. Qxe8+ {[%emt 0:00:04]} Nxe8 {[%emt 0:00:00]} 34. Ne5 {[%emt 0:00:11]} Kg8 {[%emt 0:00:03]} 35. Nd7 {[%emt 0:00:05]} Bd6 {[%emt 0:00:03]} 36. g4 {[%emt 0:00:04]} Rxc1+ {[%emt 0:00:02]} 37. Bxc1 {[%emt 0:00:02]} fxg4 {[%emt 0:00:01]} 38. Nxb6 {[%emt 0:00:02]} Bxh2 {[%emt 0:00:01]} 39. Nc4 {[%emt 0:00:01]} Bc7 {[%emt 0:00:01]} 40. Bd2 {[%emt 0:00:01]} h5 {[%emt 0:00:02]} 41. Nxa5 {[%emt 0:00:06]} h4 {[%emt 0:00:01]} 42. Nc4 {[%emt 0:00:03]} h3 {[%emt 0:00:01]} 43. Kg1 {[%emt 0:00:02]} g3 {[%emt 0:00:01]} 44. Be3 {[%emt 0:00:03]} g2 {[%emt 0:00:01]} 45. a5 {[%emt 0:00:04]} Nf6 {[%emt 0:00:02]} 46. a6 {[%emt 0:00:01]} Ng4 {[%emt 0:00:03]} 47. a7 {[%emt 0:00:01]} Bh2# {[%emt 0:00:01] (Lag: Av=0.67s, max=2.6s)} 0-1

[Event "Silkway Cup"]
[Site "T#646345FIDE"]
[Date "2020.05.28"]
[Round "12"]
[White "Ahmadzada"]
[Black "Nino2014"]
[Result "1-0"]
[WhiteElo "1954"]
[BlackElo "1777"]
[Annotator "NA"]
[PlyCount "93"]
[EventDate "2020.05.28"]
[EventType "swiss (blitz)"]

1. e4 {[%emt 0:00:02]} e5 {[%emt 0:00:01]} 2. Nf3 {[%emt 0:00:01]} Nc6 {[%emt 0:00:01]} 3. Bb5 {[%emt 0:00:01]} a6 {[%emt 0:00:01]} 4. Ba4 {[%emt 0:00:02]} Nf6 {[%emt 0:00:01]} 5. O-O {[%emt 0:00:01]} b5 {[%emt 0:00:01]} 6. Bb3 {[%emt 0:00:01]} Bc5 {[%emt 0:00:01]} 7. d3 {[%emt 0:00:02]} d6 {[%emt 0:00:03]} 8. a4 {[%emt 0:00:01]} Rb8 {[%emt 0:00:01]} 9. Nc3 {[%emt 0:00:02]} h6 {[%emt 0:00:08]} 10. h3 {[%emt 0:00:02]} O-O {[%emt 0:00:02]} 11. Be3 {[%emt 0:00:03]} Bb6 {[%emt 0:00:13]} 12. Re1 {[%emt 0:00:13]} Nd4 {[%emt 0:00:08]} 13. Bxd4 {[%emt 0:00:15]} exd4 {[%emt 0:00:21]} 14. Ne2 {[%emt 0:00:01]} c5 {[%emt 0:00:03]} 15. axb5 {[%emt 0:00:01]} axb5 {[%emt 0:00:00]} 16. Nf4 {[%emt 0:00:00]} Qc7 {[%emt 0:00:11]} 17. e5 {[%emt 0:00:22]} dxe5 {[%emt 0:00:09]} 18. Nxe5 {[%emt 0:00:00]} Bf5 {[%emt 0:00:21]} 19. Qf3 {[%emt 0:00:18]} Bh7 {[%emt 0:00:19]} 20. Ra6 {[%emt 0:00:32]} Rbe8 {[%emt 0:00:12]} 21. Nd5 {[%emt 0:00:18]} Nxd5 {[%emt 0:00:02]} 22. Qxd5 {[%emt 0:00:08]} c4 {[%emt 0:00:16]} 23. dxc4 {[%emt 0:00:07]} bxc4 {[%emt 0:00:01]} 24. Bxc4 {[%emt 0:00:02]} Bxc2 {[%emt 0:00:01]} 25. Raa1 {[%emt 0:00:44]} Rd8 {[%emt 0:00:16]} 26. Qf3 {[%emt 0:00:02]} Ba5 {[%emt 0:00:22]} 27. Rec1 {[%emt 0:00:22]} Qxe5 {[%emt 0:00:05]} 28. Rxc2 {[%emt 0:00:01]} Bb4 {[%emt 0:00:21] '} 29. Re2 {[%emt 0:00:02]} Qc7 {[%emt 0:00:07] Nino2014 offers a draw} 30. Qd3 {[%emt 0:00:05]} Bc5 {[%emt 0:00:07]} 31. Rae1 {[%emt 0:00:02]} Qd6 {[%emt 0:00:02]} 32. g3 {[%emt 0:00:01]} Bb6 {[%emt 0:00:03]} 33. h4 {[%emt 0:00:02]} Bc5 {[%emt 0:00:02]} 34. Re5 {[%emt 0:00:02]} Bb6 {[%emt 0:00:02]} 35. Re7 {[%emt 0:00:01]} Bc5 {[%emt 0:00:03]} 36. R7e5 {[%emt 0:00:05]} Bb6 {[%emt 0:00:01]} 37. R1e2 {[%emt 0:00:01]} Bc5 {[%emt 0:00:03]} 38. R2e4 {[%emt 0:00:02]} Bb6 {[%emt 0:00:01]} 39. h5 {[%emt 0:00:02]} Qb4 {[%emt 0:00:01]} 40. Re7 {[%emt 0:00:04]} Bc5 {[%emt 0:00:04]} 41. Rc7 {[%emt 0:00:05]} Bd6 {[%emt 0:00:01]} 42. Ra7 {[%emt 0:00:01]} Qxb2 {[%emt 0:00:01]} 43. Qf3 {[%emt 0:00:03]} Bc5 {[%emt 0:00:07]} 44. Rxf7 {[%emt 0:00:01]} Kh8 {[%emt 0:00:03]} 45. Rxf8+ {[%emt 0:00:02]} Rxf8 {[%emt 0:00:01]} 46. Qe2 {[%emt 0:00:03]} d3 {[%emt 0:00:01]} 47. Qxb2 {[%emt 0:00:01] Nino2014 resigns (Lag: Av=0.50s, max=3.4s)} 1-0

[Event "Silkway Cup"]
[Site "T#646345FIDE"]
[Date "2020.05.28"]
[Round "12"]
[White "Nanadzagnidze"]
[Black "HasanzadeT"]
[Result "1-0"]
[WhiteElo "1941"]
[BlackElo "1858"]
[Annotator "NA"]
[PlyCount "73"]
[EventDate "2020.05.28"]
[EventType "swiss (blitz)"]

1. d4 {[%emt 0:00:02]} Nf6 {[%emt 0:00:02]} 2. Nf3 {[%emt 0:00:02]} d5 {[%emt 0:00:06]} 3. c4 {[%emt 0:00:02]} c6 {[%emt 0:00:18]} 4. cxd5 {[%emt 0:00:03]} cxd5 {[%emt 0:00:02]} 5. Nc3 {[%emt 0:00:01]} Nc6 {[%emt 0:00:01]} 6. Bf4 {[%emt 0:00:01]} Bf5 {[%emt 0:00:11]} 7. Qb3 {[%emt 0:00:02]} Na5 {[%emt 0:00:59]} 8. Qa4+ {[%emt 0:00:03]} Bd7 {[%emt 0:00:03]} 9. Qc2 {[%emt 0:00:02]} Rc8 {[%emt 0:00:08]} 10. e3 {[%emt 0:00:01]} g6 {[%emt 0:00:07]} 11. Bd3 {[%emt 0:00:07]} Bg7 {[%emt 0:00:02]} 12. O-O {[%emt 0:00:02]} O-O {[%emt 0:00:02]} 13. Ne5 {[%emt 0:00:04]} Nc6 {[%emt 0:00:05]} 14. Qb3 {[%emt 0:00:08]} e6 {[%emt 0:00:20]} 15. Qxb7 {[%emt 0:00:35]} Rb8 {[%emt 0:00:06]} 16. Nxc6 {[%emt 0:00:04]} Rxb7 {[%emt 0:00:05]} 17. Nxd8 {[%emt 0:00:02]} Rxd8 {[%emt 0:00:00]} 18. Rab1 {[%emt 0:00:15]} Rc8 {[%emt 0:00:04]} 19. Rfc1 {[%emt 0:00:09]} Bf8 {[%emt 0:00:05]} 20. h3 {[%emt 0:00:10]} Rb4 {[%emt 0:00:14]} 21. Kf1 {[%emt 0:00:06]} Ne4 {[%emt 0:00:13]} 22. Bxe4 {[%emt 0:00:40]} dxe4 {[%emt 0:00:01]} 23. b3 {[%emt 0:00:02]} a5 {[%emt 0:00:07]} 24. Nxe4 {[%emt 0:00:12]} Bb5+ {[%emt 0:00:03]} 25. Kg1 {[%emt 0:00:02]} Rxc1+ {[%emt 0:00:11]} 26. Rxc1 {[%emt 0:00:00]} f5 {[%emt 0:00:01]} 27. Nc5 {[%emt 0:00:05]} Bxc5 {[%emt 0:00:10]} 28. Rxc5 {[%emt 0:00:06]} a4 {[%emt 0:00:01]} 29. bxa4 {[%emt 0:00:05]} Bxa4 {[%emt 0:00:02]} 30. Rc8+ {[%emt 0:00:04]} Kf7 {[%emt 0:00:01]} 31. Rc7+ {[%emt 0:00:01]} Kg8 {[%emt 0:00:01]} 32. Be5 {[%emt 0:00:02]} Rb1+ {[%emt 0:00:02]} 33. Kh2 {[%emt 0:00:01]} Ra1 {[%emt 0:00:01]} 34. d5 {[%emt 0:00:09]} Rxa2 {[%emt 0:00:05]} 35. dxe6 {[%emt 0:00:02]} Kf8 {[%emt 0:00:05]} 36. Bf6 {[%emt 0:00:03]} Rc2 {[%emt 0:00:03]} 37. Rxh7 {[%emt 0:00:03] TimeB (Lag: Av=1.05s, max=1.5s)} 1-0

[Event "Silkway Cup"]
[Site "T#646345FIDE"]
[Date "2020.05.28"]
[Round "12"]
[White "NikaVolkov"]
[Black "Profi013"]
[Result "1-0"]
[WhiteElo "1927"]
[BlackElo "1903"]
[Annotator "NA"]
[PlyCount "75"]
[EventDate "2020.05.28"]
[EventType "swiss (blitz)"]

1. d4 {[%emt 0:00:01]} d5 {[%emt 0:00:01]} 2. c4 {[%emt 0:00:01]} dxc4 {[%emt 0:00:00]} 3. e3 {[%emt 0:00:01]} e5 {[%emt 0:00:05]} 4. Bxc4 {[%emt 0:00:01]} exd4 {[%emt 0:00:01]} 5. exd4 {[%emt 0:00:00]} Nf6 {[%emt 0:00:01]} 6. Nf3 {[%emt 0:00:01]} Be7 {[%emt 0:00:00]} 7. O-O {[%emt 0:00:01]} O-O {[%emt 0:00:01]} 8. h3 {[%emt 0:00:00]} Nbd7 {[%emt 0:00:01]} 9. Nc3 {[%emt 0:00:01]} Nb6 {[%emt 0:00:00]} 10. Bb3 {[%emt 0:00:01]} Nfd5 {[%emt 0:00:01]} 11. Re1 {[%emt 0:00:02]} Be6 {[%emt 0:00:02]} 12. Bc2 {[%emt 0:00:03]} c6 {[%emt 0:00:01]} 13. a3 {[%emt 0:00:02]} Re8 {[%emt 0:00:03]} 14. Qd3 {[%emt 0:00:02]} g6 {[%emt 0:00:01]} 15. Bh6 {[%emt 0:00:11]} Bf5 {[%emt 0:00:04]} 16. Qd1 {[%emt 0:00:10]} Bxc2 {[%emt 0:00:11]} 17. Qxc2 {[%emt 0:00:00]} Bf8 {[%emt 0:00:04]} 18. Bxf8 {[%emt 0:00:04]} Rxf8 {[%emt 0:00:01]} 19. Ne5 {[%emt 0:00:02]} Qc7 {[%emt 0:00:04]} 20. Ne4 {[%emt 0:00:03]} f6 {[%emt 0:00:05]} 21. Nf3 {[%emt 0:00:06]} Nd7 {[%emt 0:00:04]} 22. b4 {[%emt 0:00:03]} a6 {[%emt 0:00:02]} 23. Nc5 {[%emt 0:00:10]} Nxc5 {[%emt 0:00:01]} 24. bxc5 {[%emt 0:00:00]} Rae8 {[%emt 0:00:01]} 25. Rxe8 {[%emt 0:00:08]} Rxe8 {[%emt 0:00:01]} 26. Rb1 {[%emt 0:00:00]} Re7 {[%emt 0:00:02]} 27. Qd3 {[%emt 0:00:29]} Qa5 {[%emt 0:00:06]} 28. Rb3 {[%emt 0:00:08]} Kf7 {[%emt 0:00:05]} 29. Qb1 {[%emt 0:00:03]} Qc7 {[%emt 0:00:01]} 30. Nd2 {[%emt 0:00:02]} Nf4 {[%emt 0:00:05]} 31. Ne4 {[%emt 0:00:13]} Ne2+ {[%emt 0:00:10]} 32. Kh1 {[%emt 0:00:02]} Nxd4 {[%emt 0:00:15]} 33. Nd6+ {[%emt 0:00:20]} Kg7 {[%emt 0:00:05]} 34. Rxb7 {[%emt 0:00:01]} Qd8 {[%emt 0:00:01]} 35. Qb6 {[%emt 0:00:15]} Qf8 {[%emt 0:00:08]} 36. Qxa6 {[%emt 0:00:08]} Kh6 {[%emt 0:00:02]} 37. Qd3 {[%emt 0:00:10]} Rd7 {[%emt 0:00:09]} 38. Rxd7 {[%emt 0:00:09] Profi013 resigns (Lag: Av=0.50s, max=3.7s)} 1-0

[Event "Silkway Cup"]
[Site "T#646345FIDE"]
[Date "2020.05.28"]
[Round "12"]
[White "Gaguna"]
[Black "muradli mahammad"]
[Result "1-0"]
[WhiteElo "1881"]
[BlackElo "2448"]
[PlyCount "117"]
[EventDate "2020.05.28"]
[EventType "swiss (blitz)"]

1. d4 {[%emt 0:00:01]} Nf6 {[%emt 0:00:07]} 2. c4 {[%emt 0:00:02]} g6 {[%emt 0:00:00]} 3. Nf3 {[%emt 0:00:02]} Bg7 {[%emt 0:00:01]} 4. g3 {[%emt 0:00:01]} O-O {[%emt 0:00:01]} 5. Bg2 {[%emt 0:00:01]} c5 {[%emt 0:00:03]} 6. O-O {[%emt 0:00:06]} d6 {[%emt 0:00:02]} 7. d5 {[%emt 0:00:04]} b5 {[%emt 0:00:01]} 8. cxb5 {[%emt 0:00:01]} a6 {[%emt 0:00:00]} 9. bxa6 {[%emt 0:00:01]} Bf5 {[%emt 0:00:17]} 10. Nc3 {[%emt 0:00:05]} Nxa6 {[%emt 0:00:15] muradli mahammad reconnected.} 11. Nd2 {[%emt 0:00:15]} Nb4 {[%emt 0:00:12]} 12. e4 {[%emt 0:00:03]} Bc8 {[%emt 0:00:03] muradli mahammad reconnected.} 13. Re1 {[%emt 0:00:18]} Nd3 {[%emt 0:00:18] muradli mahammad reconnected.} 14. Re3 {[%emt 0:00:07]} Nxc1 {[%emt 0:00:06]} 15. Rxc1 {[%emt 0:00:06]} Ng4 {[%emt 0:00:03]} 16. Re1 {[%emt 0:00:19]} Ne5 {[%emt 0:00:03]} 17. Qc2 {[%emt 0:00:09]} Ba6 {[%emt 0:00:19]} 18. Bf1 {[%emt 0:00:02]} Qb6 {[%emt 0:00:07]} 19. Bxa6 {[%emt 0:00:06]} Qxa6 {[%emt 0:00:00]} 20. Rb1 {[%emt 0:00:25]} Rfb8 {[%emt 0:00:17]} 21. Red1 {[%emt 0:00:08] muradli mahammad reconnected.} Nd3 {[%emt 0:00:00]} 22. Nf1 {[%emt 0:00:27]} Nb4 {[%emt 0:00:06]} 23. Qd2 {[%emt 0:00:02]} Nxa2 {[%emt 0:00:22] muradli mahammad reconnected.} 24. Ne3 {[%emt 0:00:20]} Qb7 {[%emt 0:00:18]} 25. Ne2 {[%emt 0:00:22]} Qb4 {[%emt 0:00:11]} 26. b3 {[%emt 0:00:07]} Qxd2 {[%emt 0:00:12]} 27. Rxd2 {[%emt 0:00:01]} Nc3 {[%emt 0:00:00]} 28. Nxc3 {[%emt 0:00:01]} Bxc3 {[%emt 0:00:00]} 29. Rc2 {[%emt 0:00:01]} Bd4 {[%emt 0:00:05]} 30. Nc4 {[%emt 0:00:01]} Rb4 {[%emt 0:00:06]} 31. Kg2 {[%emt 0:00:01]} h5 {[%emt 0:00:05]} 32. h4 {[%emt 0:00:04]} Kg7 {[%emt 0:00:06]} 33. f3 {[%emt 0:00:07]} Rb5 {[%emt 0:00:11]} 34. Kf1 {[%emt 0:00:04]} Rab8 {[%emt 0:00:01]} 35. Nd2 {[%emt 0:00:02]} Be3 {[%emt 0:00:00]} 36. Nc4 {[%emt 0:00:01]} Rxb3 {[%emt 0:00:05]} 37. Rxb3 {[%emt 0:00:01]} Rxb3 {[%emt 0:00:00]} 38. Na5 {[%emt 0:00:01]} Rb1+ {[%emt 0:00:02]} 39. Ke2 {[%emt 0:00:01]} Bd4 {[%emt 0:00:01]} 40. Nc6 {[%emt 0:00:01]} Bf6 {[%emt 0:00:09]} 41. f4 {[%emt 0:00:01]} e5 {[%emt 0:00:08]} 42. fxe5 {[%emt 0:00:04]} Bxe5 {[%emt 0:00:01]} 43. Nxe5 {[%emt 0:00:02]} dxe5 {[%emt 0:00:00]} 44. Rxc5 {[%emt 0:00:01]} Rb3 {[%emt 0:00:00]} 45. d6 {[%emt 0:00:02]} Kf6 {[%emt 0:00:04]} 46. Rd5 {[%emt 0:00:04]} Rb8 {[%emt 0:00:03]} 47. Kf3 {[%emt 0:00:02]} Rd8 {[%emt 0:00:01]} 48. g4 {[%emt 0:00:01]} hxg4+ {[%emt 0:00:02]} 49. Kxg4 {[%emt 0:00:01]} Ke6 {[%emt 0:00:00]} 50. Kg5 {[%emt 0:00:01]} f5 {[%emt 0:00:06]} 51. Kxg6 {[%emt 0:00:03]} fxe4 {[%emt 0:00:01]} 52. Rd1 {[%emt 0:00:02]} Rxd6 {[%emt 0:00:00]} 53. Re1 {[%emt 0:00:01]} Kd5+ {[%emt 0:00:01]} 54. Kf5 {[%emt 0:00:01]} Rd7 {[%emt 0:00:03]} 55. h5 {[%emt 0:00:02]} Rf7+ {[%emt 0:00:03]} 56. Kg6 {[%emt 0:00:01]} Rf2 {[%emt 0:00:00]} 57. Rh1 {[%emt 0:00:12]} e3 {[%emt 0:00:05]} 58. h6 {[%emt 0:00:01]} Rf8 {[%emt 0:00:02]} 59. h7 {[%emt 0:00:03] Time ' (Lag: Av=1.21s, max=31.1s)} 1-0

[Event "Silkway Cup"]
[Site "T#646345FIDE"]
[Date "2020.05.28"]
[Round "12"]
[White "Misi_95"]
[Black "Maghala77"]
[Result "1/2-1/2"]
[WhiteElo "1858"]
[BlackElo "2292"]
[Annotator "NA"]
[PlyCount "163"]
[EventDate "2020.05.28"]
[EventType "swiss (blitz)"]

1. e4 {[%emt 0:00:02]} c5 {[%emt 0:00:01]} 2. Nf3 {[%emt 0:00:01]} d6 {[%emt 0:00:01]} 3. Bb5+ {[%emt 0:00:02]} Bd7 {[%emt 0:00:02]} 4. c4 {[%emt 0:00:01]} g6 {[%emt 0:00:01]} 5. d4 {[%emt 0:00:01]} cxd4 {[%emt 0:00:02]} 6. Nxd4 {[%emt 0:00:01]} Bg7 {[%emt 0:00:01]} 7. Nc3 {[%emt 0:00:00]} Nc6 {[%emt 0:00:01]} 8. Be3 {[%emt 0:00:02]} Nf6 {[%emt 0:00:02]} 9. h3 {[%emt 0:00:01]} a6 {[%emt 0:00:01]} 10. Bxc6 {[%emt 0:00:02]} bxc6 {[%emt 0:00:00]} 11. c5 {[%emt 0:00:05]} O-O {[%emt 0:00:05]} 12. O-O {[%emt 0:00:04]} a5 {[%emt 0:00:10]} 13. Rc1 {[%emt 0:00:06]} a4 {[%emt 0:00:16]} 14. Nf3 {[%emt 0:00:27]} Be6 {[%emt 0:00:12]} 15. cxd6 {[%emt 0:00:16]} exd6 {[%emt 0:00:03]} 16. Re1 {[%emt 0:00:11]} Re8 {[%emt 0:00:02]} 17. e5 {[%emt 0:00:33]} Nd5 {[%emt 0:00:11]} 18. exd6 {[%emt 0:00:04]} a3 {[%emt 0:00:14]} 19. Nxd5 {[%emt 0:00:31]} Bxd5 {[%emt 0:00:03]} 20. bxa3 {[%emt 0:00:03]} Qxd6 {[%emt 0:00:04]} 21. Bc5 {[%emt 0:00:02]} Qf4 {[%emt 0:00:11]} 22. Qd2 {[%emt 0:00:12]} Rxe1+ {[%emt 0:00:47]} 23. Rxe1 {[%emt 0:00:03]} Qxd2 {[%emt 0:00:10]} 24. Nxd2 {[%emt 0:00:00]} Bxa2 {[%emt 0:00:02]} 25. Nf1 {[%emt 0:00:21]} Be6 {[%emt 0:00:09]} 26. Ne3 {[%emt 0:00:03]} Rb8 {[%emt 0:00:17]} 27. Rd1 {[%emt 0:00:04]} h5 {[%emt 0:00:06]} 28. g4 {[%emt 0:00:10]} hxg4 {[%emt 0:00:03]} 29. hxg4 {[%emt 0:00:00]} Rb5 {[%emt 0:00:02]} 30. Bd4 {[%emt 0:00:10]} Bf8 {[%emt 0:00:02]} 31. Bf6 {[%emt 0:00:04]} Rb8 {[%emt 0:00:10]} 32. a4 {[%emt 0:00:01]} Ra8 {[%emt 0:00:08]} 33. a5 {[%emt 0:00:01]} Rxa5 {[%emt 0:00:08]} 34. Rd8 {[%emt 0:00:01]} Ra7 {[%emt 0:00:04]} 35. f4 {[%emt 0:00:10]} Rd7 {[%emt 0:00:08]} 36. Rb8 {[%emt 0:00:02]} Rc7 {[%emt 0:00:03]} 37. f5 {[%emt 0:00:01]} Rc8 {[%emt 0:00:01]} 38. Rb7 {[%emt 0:00:06]} gxf5 {[%emt 0:00:02]} 39. gxf5 {[%emt 0:00:00]} Bc5 {[%emt 0:00:03]} 40. fxe6 {[%emt 0:00:06]} Bxe3+ {[%emt 0:00:01]} 41. Kf1 {[%emt 0:00:01]} fxe6 {[%emt 0:00:01]} 42. Ke2 {[%emt 0:00:03]} Bh6 {[%emt 0:00:02]} 43. Re7 {[%emt 0:00:03]} c5 {[%emt 0:00:04]} 44. Bc3 {[%emt 0:00:02]} Rc6 {[%emt 0:00:02]} 45. Kd3 {[%emt 0:00:01]} Bf8 {[%emt 0:00:01]} 46. Rb7 {[%emt 0:00:02]} Rd6+ {[%emt 0:00:01]} 47. Ke4 {[%emt 0:00:01]} Rd5 {[%emt 0:00:02]} 48. Be5 {[%emt 0:00:03]} Rd8 {[%emt 0:00:05]} 49. Rc7 {[%emt 0:00:02]} Ra8 {[%emt 0:00:02]} 50. Kf4 {[%emt 0:00:03]} Ra2 {[%emt 0:00:03]} 51. Kg5 {[%emt 0:00:06]} Rf2 {[%emt 0:00:01]} 52. Kg6 {[%emt 0:00:02]} Rg2+ {[%emt 0:00:03]} 53. Kf6 {[%emt 0:00:04]} Re2 {[%emt 0:00:04]} 54. Kxe6 {[%emt 0:00:00]} c4 {[%emt 0:00:02]} 55. Rc8 {[%emt 0:00:01]} Re4 {[%emt 0:00:03]} 56. Kf5 {[%emt 0:00:02]} Re1 {[%emt 0:00:01]} 57. Rxc4 {[%emt 0:00:01]} Kf7 {[%emt 0:00:01]} 58. Rc7+ {[%emt 0:00:01]} Be7 {[%emt 0:00:00]} 59. Ra7 {[%emt 0:00:01]} Re2 {[%emt 0:00:01]} 60. Bf4 {[%emt 0:00:01]} Re6 {[%emt 0:00:01]} 61. Ra8 {[%emt 0:00:01]} Rf6+ {[%emt 0:00:01]} 62. Ke4 {[%emt 0:00:01]} Re6+ {[%emt 0:00:01]} 63. Kf3 {[%emt 0:00:01]} Rf6 {[%emt 0:00:00]} 64. Ra7 {[%emt 0:00:00]} Ke6 {[%emt 0:00:01]} 65. Ke4 {[%emt 0:00:00]} Kf7 {[%emt 0:00:01]} 66. Be5 {[%emt 0:00:02]} Re6 {[%emt 0:00:01]} 67. Rb7 {[%emt 0:00:02]} Rh6 {[%emt 0:00:01]} 68. Bf4 {[%emt 0:00:02]} Re6+ {[%emt 0:00:01]} 69. Kd5 {[%emt 0:00:04]} Re2 {[%emt 0:00:02]} 70. Rb3 {[%emt 0:00:04]} Re6 {[%emt 0:00:03]} 71. Be5 {[%emt 0:00:02]} Rg6 {[%emt 0:00:02]} 72. Rf3+ {[%emt 0:00:01]} Ke8 {[%emt 0:00:01]} 73. Re3 {[%emt 0:00:01]} Kd7 {[%emt 0:00:01]} 74. Rb3 {[%emt 0:00:01]} Ke8 {[%emt 0:00:01]} 75. Rb7 {[%emt 0:00:02]} Ra6 {[%emt 0:00:02]} 76. Ke4 {[%emt 0:00:02]} Kf7 {[%emt 0:00:01]} 77. Kf5 {[%emt 0:00:01]} Ra5 {[%emt 0:00:01]} 78. Rc7 {[%emt 0:00:01]} Ke8 {[%emt 0:00:03]} 79. Ke4 {[%emt 0:00:02]} Ra6 {[%emt 0:00:03]} 80. Rb7 {[%emt 0:00:01]} Ra5 {[%emt 0:00:01]} 81. Bd4 {[%emt 0:00:09]} Kf7 {[%emt 0:00:03] Misi_95 beraberlik teklif ediyor} 82. Rc7 {[%emt 0:00:04] (Lag: Av=0.51s, max=5.2s)} 1/2-1/2

[Event "Silkway Cup"]
[Site "T#646345FIDE"]
[Date "2020.05.28"]
[Round "12"]
[White "NIKiler"]
[Black "Ulka96"]
[Result "1-0"]
[WhiteElo "1827"]
[BlackElo "1841"]
[Annotator "NA"]
[PlyCount "119"]
[EventDate "2020.05.28"]
[EventType "swiss (blitz)"]

1. d4 {[%emt 0:00:05]} Nf6 {[%emt 0:00:05]} 2. c4 {[%emt 0:00:01]} e6 {[%emt 0:00:02]} 3. Nf3 {[%emt 0:00:01]} d5 {[%emt 0:00:04]} 4. g3 {[%emt 0:00:01]} Be7 {[%emt 0:00:09]} 5. Bg2 {[%emt 0:00:01]} O-O {[%emt 0:00:02]} 6. Nc3 {[%emt 0:00:01]} c5 {[%emt 0:00:08]} 7. cxd5 {[%emt 0:00:02]} exd5 {[%emt 0:00:01]} 8. O-O {[%emt 0:00:01]} Nc6 {[%emt 0:00:03]} 9. dxc5 {[%emt 0:00:07]} Bxc5 {[%emt 0:00:24]} 10. Bg5 {[%emt 0:00:03]} Be6 {[%emt 0:00:05]} 11. Rc1 {[%emt 0:00:04]} Bb6 {[%emt 0:00:07]} 12. Na4 {[%emt 0:00:05]} h6 {[%emt 0:00:02]} 13. Bf4 {[%emt 0:00:05]} Ne4 {[%emt 0:00:04]} 14. Nxb6 {[%emt 0:00:12]} Qxb6 {[%emt 0:00:01]} 15. b3 {[%emt 0:00:01]} Rfd8 {[%emt 0:00:12]} 16. Qc2 {[%emt 0:00:10]} Bf5 {[%emt 0:00:03]} 17. Qb2 {[%emt 0:00:03]} d4 {[%emt 0:00:04]} 18. Ne5 {[%emt 0:00:35]} g5 {[%emt 0:00:25]} 19. Nxc6 {[%emt 0:00:09]} bxc6 {[%emt 0:00:01]} 20. Bd2 {[%emt 0:00:09]} Rac8 {[%emt 0:00:05]} 21. e3 {[%emt 0:00:06]} c5 {[%emt 0:00:43]} 22. Rfe1 {[%emt 0:00:07]} d3 {[%emt 0:00:08]} 23. Rc4 {[%emt 0:00:26]} Qe6 {[%emt 0:00:14]} 24. Rec1 {[%emt 0:00:06]} a5 {[%emt 0:00:15]} 25. g4 {[%emt 0:00:14]} Bg6 {[%emt 0:00:02]} 26. h3 {[%emt 0:00:01]} Rd5 {[%emt 0:00:09]} 27. Bxa5 {[%emt 0:00:09]} d2 {[%emt 0:00:02]} 28. Rd1 {[%emt 0:00:01]} Rcd8 {[%emt 0:00:03]} 29. Bc3 {[%emt 0:00:02]} Rd3 {[%emt 0:00:02]} 30. Bh8 {[%emt 0:00:06]} f6 {[%emt 0:00:04]} 31. Bxe4 {[%emt 0:00:01]} Bxe4 {[%emt 0:00:04]} 32. Rxe4 {[%emt 0:00:09]} Qxe4 {[%emt 0:00:04]} 33. Bxf6 {[%emt 0:00:06]} Qf3 {[%emt 0:00:02]} 34. Qa1 {[%emt 0:00:13]} R3d6 {[%emt 0:00:03]} 35. Bxd8 {[%emt 0:00:10]} Rxd8 {[%emt 0:00:01]} 36. Qb1 {[%emt 0:00:01]} Kg7 {[%emt 0:00:02]} 37. Qc2 {[%emt 0:00:02]} Qd5 {[%emt 0:00:01]} 38. Qf5 {[%emt 0:00:03]} Qd6 {[%emt 0:00:02]} 39. Kg2 {[%emt 0:00:01]} Qc6+ {[%emt 0:00:01]} 40. Qf3 {[%emt 0:00:01]} Qd6 {[%emt 0:00:01]} 41. e4 {[%emt 0:00:01]} Qd4 {[%emt 0:00:01]} 42. Qe3 {[%emt 0:00:01]} Qd6 {[%emt 0:00:02]} 43. e5 {[%emt 0:00:01]} Qd5+ {[%emt 0:00:01]} 44. Kg1 {[%emt 0:00:01]} Kf7 {[%emt 0:00:03]} 45. e6+ {[%emt 0:00:01]} Ke7 {[%emt 0:00:01]} 46. Qe2 {[%emt 0:00:01]} Rd6 {[%emt 0:00:01]} 47. Qe3 {[%emt 0:00:03]} Rd8 {[%emt 0:00:03]} 48. a4 {[%emt 0:00:02]} Rd6 {[%emt 0:00:02]} 49. a5 {[%emt 0:00:01]} Rxe6 {[%emt 0:00:04]} 50. Qxd2 {[%emt 0:00:11]} Qxd2 {[%emt 0:00:01]} 51. Rxd2 {[%emt 0:00:00]} Ra6 {[%emt 0:00:00]} 52. Ra2 {[%emt 0:00:01]} Kd6 {[%emt 0:00:01]} 53. Kf1 {[%emt 0:00:01]} Kc6 {[%emt 0:00:01]} 54. Ke2 {[%emt 0:00:01]} Kb5 {[%emt 0:00:00]} 55. Kd3 {[%emt 0:00:01]} Kb4 {[%emt 0:00:01]} 56. Kc2 {[%emt 0:00:01]} Rxa5 {[%emt 0:00:04]} 57. Rxa5 {[%emt 0:00:01]} Kxa5 {[%emt 0:00:01]} 58. Kc3 {[%emt 0:00:00]} Kb5 {[%emt 0:00:01]} 59. f3 {[%emt 0:00:01]} Kc6 {[%emt 0:00:02]} 60. Kc4 {[%emt 0:00:01] Ulka96 resigns (Lag: Av=0.81s, max=2.4s)} 1-0